Normal view
MARC view
Entry Personal Name
001 - CONTROL NUMBER
- control field: 21865
003 - CONTROL NUMBER IDENTIFIER
- control field: ARRUPE
005 - DATE AND TIME OF LATEST TRANSACTION
- control field: 20160127152016.0
008 - FIXED-LENGTH DATA ELEMENTS
- fixed length control field: 160127|| aca||aabn | a|a d
040 ## - CATALOGING SOURCE
- Original cataloging agency: ARRUPE
- Transcribing agency: ARRUPE
100 ## - HEADING--PERSONAL NAME
- Personal name: Schillings, C. G.
- Fuller form of name: (Carl Georg),
- Dates associated with a name: 1865-1921.
670 ## - SOURCE DATA FOUND
- Source citation: Work cat.: (ARRUPE)0: Schillings, C. G. (Carl Georg), 1865-1921., In wildest Africa /, 1907.